Floreal / Maria Lluïsa Borràs
ISBN:
84-343-1036-8
Descripción Física:
259 p. : il. col. ; 22 cm
Materias:
Floreal, 1946-1997
MARC
| LEADER | 00000nam a2200000Ia 4500 | ||
|---|---|---|---|
| 001 | 16986 | ||
| 008 | 160829s9999 xx 000 0 cat d | ||
| 020 | |a 84-343-1036-8 | ||
| 080 | |a B-2-93 | ||
| 100 | 1 | |a Borràs, Maria Lluïsa, |d 1931-2010 |9 26521 | |
| 245 | |a Floreal / Maria Lluïsa Borràs | ||
| 260 | |a Barcelona : |b Edicions Polígrafa, cop 2003 | ||
| 300 | |a 259 p. : |b il. col. ; |c 22 cm | ||
| 590 | |a Amb la col·laboració de la Diputació de Barcelona. | ||
| 590 | |a Cronologia | ||
| 650 | |a Floreal, 1946-1997 |9 23741 | ||
| 901 | |a Arxiu | ||
| 942 | |n 1 | ||
| 952 | |0 0 |1 0 |4 0 |6 B293 |7 1 |9 42833 |a Arxiu |b Arxiu |d 2016-12-01 |l 0 |o B-2-93 |p 16986 |r 2016-12-01 00:00:00 |w 2016-12-01 |y ARXIU | ||
| 999 | |c 45339 |d 45339 | ||